UITU Library & LRC     

Slackware Professional Linux: user guide (Record no. 2963)

MARC details
000 -LEADER
fixed length control field 00486nam a2200181Ia 4500
008 - FIXED-LENGTH DATA ELEMENTS--GENERAL INFORMATION
fixed length control field 240925s9999 xx 000 0 und d
020 ## - INTERNATIONAL STANDARD BOOK NUMBER
International Standard Book Number NA
082 ## - DEWEY DECIMAL CLASSIFICATION NUMBER
Classification number 005.43 LIN
100 ## - MAIN ENTRY--PERSONAL NAME
Personal name Welsh, Matt
245 #0 - TITLE STATEMENT
Title Slackware Professional Linux: user guide
250 ## - EDITION STATEMENT
Edition statement NA
260 ## - PUBLICATION, DISTRIBUTION, ETC.
Place of publication, distribution, etc. NA
Name of publisher, distributor, etc. Not Available
Date of publication, distribution, etc. ,1994.
300 ## - PHYSICAL DESCRIPTION
Extent xvii,1271p.
Other physical details 0
Type of unit Photocopy
500 ## - GENERAL NOTE
General note Includes Index
600 ## - SUBJECT ADDED ENTRY--PERSONAL NAME
Personal name Computer Science
650 ## - SUBJECT ADDED ENTRY--TOPICAL TERM
Topical term or geographic name entry element Computer science, information & general works
942 ## - ADDED ENTRY ELEMENTS (KOHA)
Koha item type Books
Holdings
Withdrawn status Lost status Damaged status Not for loan Collection Home library Current library Date acquired Source of acquisition Cost, normal purchase price Total checkouts Full call number Barcode Date last seen Price effective from Koha item type
        Computer Science UITU Library UITU Library 10/20/1995 NA 500.00   005.43 LIN Q0464 09/25/2024 09/25/2024 Books

Powered by Koha